Basic algebra

Αποθηκεύτηκε σε:
Λεπτομέρειες βιβλιογραφικής εγγραφής
Κύριος συγγραφέας: Jacobson, Nathan, 1910-1999
Μορφή: Βιβλίο
Γλώσσα:English
Δημοσίευση: New York : Delhi : W.H. Freeman, Hindustan Publishing Corporation, c1984-c1989
Έκδοση:2nd ed
Θέματα:
Ετικέτες: Προσθήκη ετικέτας
Δεν υπάρχουν, Καταχωρήστε ετικέτα πρώτοι!

MARC

LEADER 00000nam a2200000 i 4500
001 1/42067
008 941103m19841989 eng d
020 |a 0716714809 
020 |a 0716719339 
020 |a 0020127308 
035 |a 1995  |c ΤΣΑΠΟΓΑΣ  |l 10041665 
040 |a GR-MY-UA  |b gre  |e aacr 
041 0 |a eng 
082 0 |a 512.9  |2 (19) 
100 1 |a Jacobson, Nathan,   |d 1910-1999. 
245 1 0 |a Basic algebra /  |c Nathan Jacobson 
250 |a 2nd ed 
260 |a New York :   |a Delhi :   |b W.H. Freeman,   |b Hindustan Publishing Corporation,   |c c1984-c1989 
300 |a 2 v.;  |b ill.;  |c 24 cm 
504 |a Includes bibliographical references and index 
650 0 0 |a Algebra. 
852 |a INST  |b SAMOS  |e 19950125  |h 512.9 JAC  |p 005300006218  |q 005300006218  |t BK  |y 0  |z v.1 
852 |a INST  |b SAMOS  |e 19941103  |h 512.9 JAC  |p 005300008108  |q 005300008108  |t BK  |y 0  |z v.2 
852 |a INST  |b SAMOS  |e 19950125  |h 512.9 JAC  |p 005300006218  |q 005300006218  |t BK  |v v.1:  |y 0  |z v.1 
852 |a INST  |b SAMOS  |e 19941103  |h 512.9 JAC  |p 005300008108  |q 005300008108  |t BK  |v v.2:  |y 0  |z v.2 
853 |a INST  |b SAMOS  |h 512.9 JAC 
909 |a Σ  |b 029568 
909 |a Σ  |b 035594